| 000 | 00838nam a2200253 i 4500 | ||
|---|---|---|---|
| 001 | bg | ||
| 245 | 0 | 0 |
_aOrganizacja i zarządzanie : _bpodstawy wiedzy menedżerskiej / _cpod red. Mieczysława Przybyły ; aut. poszczeg. cz. Piotr Karwacki [et al.]. |
| 250 | _aWyd. 2. | ||
| 260 |
_aWrocław : _bWydaw. Akademii Ekonomicznej im. Oskara Langego, _c2001. |
||
| 300 |
_a443 s. : _bil. ; _c24 cm. |
||
| 504 | _aBibliogr. | ||
| 650 | 9 |
_aOrganizacja _xteoria |
|
| 650 | 9 |
_aZarządzanie _xteoria |
|
| 700 | 1 |
_aPRZYBYŁA, Mieczysław. _eRed. |
|
| 700 | 1 | _aKARWACKI, Piotr | |
| 020 | _a8370115918 | ||
| 040 | _cBPK | ||
| 041 | 0 | _apl | |
| 080 | _a65.01 | ||
| 920 | _a83-7011-591-8 | ||
| 942 | _cKS | ||
| 008 | s pl f |000 0 pol | ||
| 999 |
_c41834 _d41834 |
||
| 856 |
_uhttp://koha.tu.koszalin.pl/cgi-bin/koha/opac-detail.pl?biblionumber=41834 _yKatalog online BPK |
||